000 004800000a22001930004500
001 003101
003 MACL
005 20150825125332.0
008 150825b xxu||||| |||| 00| 0 eng d
040 _aMACL
_cMACL
041 _aEnglish
082 _a700.54/PAN
100 _aPande, Goving Chandra
_97279
245 _aIndian Art And Culture
_cGoving Chandra Pande
260 _aAllahabad
_c1994
_bRaka Prakashan,
350 _a500
650 _aArt
_97280
942 _k701
_cBK
_2ddc
999 _c15007
_d15007